LEADER 01388nam 2200409 450 001 9910714724403321 005 20231025110633.0 035 $a(CKB)3710000000326683 035 $a(OCoLC)1154315055 035 $a(NjHacI)993710000000326683 035 $a(EXLCZ)993710000000326683 100 $a20231025d2020 uy 0 101 0 $aeng 135 $aur||||||||||| 181 $ctxt$2rdacontent 182 $cc$2rdamedia 183 $acr$2rdacarrier 200 14$aThe Berne Union /$fJames K. Jackson 205 $a[Library of Congress public edition]. 210 1$aWashington, D.C. :$cCongressional Research Service,$d2020- 215 $a1 online resource 225 1 $aReport / Congressional Research Service ;$vRS22319 300 $aThe CRS report home page provides access to all versions published since 2018 in accordance with P.L. 115-141; earliest version dated 2013. 320 $aReport includes bibliographical references. 410 0$aReport / Congressional Research Service ;$vRS22319. 517 $aBerne Union 606 $aFinance$zUnited States 615 0$aFinance 676 $a332.0 700 $aJackson$b James K.$091338 712 02$aLibrary of Congress.$bCongressional Research Service, 801 0$bNjHacI 801 1$bNjHacl 906 $aBOOK 912 $a9910714724403321 996 $aThe Berne Union$93574514 997 $aUNINA LEADER 01135nas a2200313 i 4500 001 991003068829707536 005 20231114121144.0 008 071128d19301995it qr p 0 b0ita d 022 $a0373-4137 035 $ab13625032-39ule_inst 040 $aDi.S.Te.B.A.$beng 082 0$a590.5 210 0 $aBoll. zool. 229 0$aBollettino di zoologia 245 00$aBollettino di zoologia. - 1930-1995. 260 $aPadova :$bUnione Zoologica Italiana,$c1930-1995 500 $aLater issues published by Rosenberg & Sellier in Torino, Italy 525 $aSupplements accompany some numbers 591 $aCodice CNR: P 00001817 592 $aLE003 1971-1995. lac.: 1971;1973;1975-1978;1991; 650 0$aZoology$vPeriodicals 710 2 $aUnione zoologica italiana 785 00$aThe$tItalian journal of zoology 907 $a.b13625032$b28-01-14$c28-11-07 912 $a991003068829707536 945 $aLE003 (Fondo SBM)$g1$lle003$o-$pE0.00$q-$rn$s- $t18$u0$v0$w0$x0$y.i14620649$z28-11-07 996 $aBollettino di zoologia. - 1930-1995$91217254 997 $aUNISALENTO 998 $ale003$b28-11-07$cs$da $e-$fita$git $h0$i0 LEADER 04930nam 2200817 a 450 001 9910779472703321 005 20230628002105.0 010 $a1-283-89827-6 010 $a0-8122-0834-X 024 7 $a10.9783/9780812208344 035 $a(CKB)2550000000707667 035 $a(EBL)3441790 035 $a(SSID)ssj0000786960 035 $a(PQKBManifestationID)11486521 035 $a(PQKBTitleCode)TC0000786960 035 $a(PQKBWorkID)10821780 035 $a(PQKB)11262574 035 $a(OCoLC)833592932 035 $a(MdBmJHUP)muse23568 035 $a(DE-B1597)449611 035 $a(OCoLC)1015865513 035 $a(OCoLC)1037979309 035 $a(OCoLC)1041979349 035 $a(OCoLC)1046622501 035 $a(OCoLC)1047130455 035 $a(OCoLC)1049677755 035 $a(OCoLC)1054882042 035 $a(OCoLC)979577385 035 $a(DE-B1597)9780812208344 035 $a(Au-PeEL)EBL3441790 035 $a(CaPaEBR)ebr10642125 035 $a(CaONFJC)MIL421077 035 $a(OCoLC)932312763 035 $a(MiAaPQ)EBC3441790 035 $a(EXLCZ)992550000000707667 100 $a20100312e20091988 uy 0 101 0 $aeng 135 $aur|n|---||||| 181 $ctxt 182 $cc 183 $acr 200 10$aCity$b[electronic resource] $erediscovering the center /$fWilliam H. Whyte ; photos by the author ; foreword by Paco Underhill 210 $aPhiladelphia $cUniversity of Pennsylvania Press$dc2009 215 $a1 online resource (408 p.) 300 $aOriginally published: New York : Doubleday, c1988. 300 $aSmall portions of this book appeared previously in The social live of small urban spaces, by William H. Whyte, published by the Conservation Foundation, Washington, D.C. 311 $a0-8122-2074-9 320 $aIncludes bibliographical references (p. [367]-377) and index. 327 $tFrontmatter --$tCONTENTS --$tForeword --$t1. Introduction --$t2. The Social Life of the Streets --$t3. Street People --$t4. The Skilled Pedestrian --$t5. The Physical Street --$t6. The Sensory Street --$t7. The Design of Spaces --$t8. Water, Wind, Trees, and Light --$t9. The Management of Spaces --$t10. The Undesirables --$t11. Carrying Capacity --$t12. Steps and Entrances --$t13. Concourses and Skyways --$t14. Megastructures --$t15. Blank Walls --$t16. The Rise and Fall of Incentive Zoning --$t17. Sun and Shadow --$t18. Bounce Light --$t19. Sun Easements --$t20. The Corporate Exodus --$t21. The Semi-Cities --$t22. How to Dullify Downtown --$t23. Tightening Up --$t24. The Case for Gentrification --$t25. Return to the Agora --$tAppendix A. Digest of Open-Space Zoning Provisions in New York City --$tAppendix B. Mandating of Retailing at Street Level --$tNotes --$tBibliography --$tIndex --$tAcknowledgments 330 $aNamed by Newsweek magazine to its list of "Fifty Books for Our Time."For sixteen years William Whyte walked the streets of New York and other major cities. With a group of young observers, camera and notebook in hand, he conducted pioneering studies of street life, pedestrian behavior, and city dynamics. City: Rediscovering the Center is the result of that research, a humane, often amusing view of what is staggeringly obvious about the urban environment but seemingly invisible to those responsible for planning it.Whyte uses time-lapse photography to chart the anatomy of metropolitan congestion. Why is traffic so badly distributed on city streets? Why do New Yorkers walk so fast-and jaywalk so incorrigibly? Why aren't there more collisions on the busiest walkways? Why do people who stop to talk gravitate to the center of the pedestrian traffic stream? Why do places designed primarily for security actually worsen it? Why are public restrooms disappearing? "The city is full of vexations," Whyte avers: "Steps too steep; doors too tough to open; ledges you cannot sit on. . . . It is difficult to design an urban space so maladroitly that people will not use it, but there are many such spaces." Yet Whyte finds encouragement in the widespread rediscovery of the city center. The future is not in the suburbs, he believes, but in that center. Like a Greek agora, the city must reassert its most ancient function as a place where people come together face-to-face. 606 $aCities and towns 606 $aCity and town life 606 $aCity planning 606 $aSociology, Urban 610 $aSociology. 610 $aUrban Studies. 615 0$aCities and towns. 615 0$aCity and town life. 615 0$aCity planning. 615 0$aSociology, Urban. 676 $a307.7/6 686 $aMS 1750$2rvk 700 $aWhyte$b William H.$cJr.,$f1917-1999.$0234573 701 $aUnderhill$b Paco$0594573 801 0$bMiAaPQ 801 1$bMiAaPQ 801 2$bMiAaPQ 906 $aBOOK 912 $a9910779472703321 996 $aCity$93712072 997 $aUNINA LEADER 02468oam 2200589 c 450 001 9910563047503321 005 20240525094506.0 024 7 $a10.3726/b12998 035 $a(CKB)4340000000239234 035 $a(oapen)https://directory.doabooks.org/handle/20.500.12854/28859 035 $a(PH02)9783954794034 035 $a(oapen)doab28859 035 $a(EXLCZ)994340000000239234 100 $a20240525d1990 uy 0 101 0 $ager 135 $aurnnunnnannuu 181 $ctxt$2rdacontent 182 $cc$2rdamedia 183 $acr$2rdacarrier 200 10$aFragen der bibliographischen Beschreibung der Tschechischen und fremdsprachigen Bohemikalen Drucke des 16. - 18. Jahrhunderts$fJosef Hejnic 205 $a1st, New ed. 210 $aFrankfurt a.M$cPH02$d1990 215 $a1 online resource (56 p.)$c, EPDF 225 0 $aVortra?ge und Abhandlungen zur Slavistik$v17 300 $aPeter Lang GmbH, Internationaler Verlag der Wissenschaften 311 08$a3-95479-403-9 327 $aFragen der bibliographischen Beschreibung und Bearbeitung der tschechischen und fremdsprachigen bohemikalen Drucke - Ziele der weiteren Forschung - Bibliographische Beilage Zusammengestellt von Anez?ka Badurova? 330 $aDer Zweck der beigelegten Zusammenstellung soll eine Information daru?ber sein, welche Bu?cherfonds auch ein ausla?ndischer Forscher mit Hilfe von gedruckten Katalogen und Verzeichnissen einsehen kann. Die Untersuchungen geben - in chronologischer Reihenfolge - Informationen u?ber die Betreuung, u?ber die Organisation der Verwaltung und u?ber die Problematik der Bearbeitung dieser Fonds in der Nachkriegszeit. 606 $aLanguage$2bicssc 610 $aBeschreibung 610 $abibliographischen 610 $aBiblographen 610 $aBohemica 610 $aBohemikalen 610 $aBöhmen 610 $aDrucke 610 $aFragen 610 $aFragenbibliographischen 610 $afremdsprachigen 610 $aHejnic 610 $aJahrhunderts 610 $aslavische Sprachwissenschaft 610 $atschechische Literatur 610 $aTschechischen 615 7$aLanguage 700 $aHejnic$b Josef$4aut$01291801 801 0$bPH02 801 1$bPH02 906 $aBOOK 912 $a9910563047503321 996 $aFragen der bibliographischen Beschreibung der Tschechischen und fremdsprachigen Bohemikalen Drucke des 16. - 18. Jahrhunderts$93021939 997 $aUNINA